[Event "CZE-ch Open 2019"]
[Site "Ostrava"]
[Date "2019.04.27"]
[Round "1.1"]
[White "Malik, Jan"]
[Black "Navara, David"]
[Result "0-1"]
[WhiteElo "2286"]
[BlackElo "2733"]
[Annotator "ChessBase"]
[PlyCount "48"]
[EventDate "2019.04.27"]
[EventType "swiss"]
[EventCountry "CZE"]
[SourceTitle "playchess.com"]
[Source "ChessBase"]
[SourceQuality "1"]
[TimeControl "40/5400+30:1800+30"]

1. e4 {[%emt 0:00:00]} c5 {[%emt 0:00:00]} 2. Nf3 {[%emt 0:00:00]} d6 {[%emt 0:00:00]} 3. d4 {[%emt 0:00:00]} cxd4 {[%emt 0:00:00]} 4. Nxd4 {[%emt 0:00:00]} Nf6 {[%emt 0:00:00]} 5. Nc3 {[%emt 0:00:00]} a6 {[%emt 0:00:00]} 6. Bc4 {[%emt 0:00:11]} e6 {[%emt 0:00:00]} 7. Bb3 {[%emt 0:00:20]} b5 {[%emt 0:01:07]} 8. O-O {[%emt 0:00:07]} Be7 {[%emt 0:00:09]} 9. Qf3 {[%emt 0:00:14]} Qb6 {[%emt 0:00:06]} 10. Be3 {[%emt 0:08:52]} Qb7 {[%emt 0:00:12]} 11. a3 {[%emt 0:05:26]} O-O {[%emt 0:05:29]} 12. g4 {[%emt 0:02:50]} Nc6 {[%emt 0:04:07]} 13. Nxc6 {[%emt 0:00:36]} Qxc6 {[%emt 0:00:06]} 14. g5 {[%emt 0:00:42]} Nd7 {[%emt 0:00:05]} 15. Nd5 {[%emt 0:06:21]} Bd8 {[%emt 0:01:09]} 16. Bd4 {[%emt 0:09:53]} Bb7 {[%emt 0:01:37]} 17. Nc3 {[%emt 0:47:02]} Nc5 {[%emt 0:00:43]} 18. Rfe1 {[%emt 0:02:43]} Bxg5 {[%emt 0:00:50]} 19. Qg2 {[%emt 0:03:27]} Bh6 {[%emt 0:06:59]} 20. Re3 {[%emt 0:00:13]} Kh8 {[%emt 0:02:17]} 21. Rh3 {[%emt 0:00:15]} Nxb3 {[%emt 0:00:25]} 22. cxb3 {[%emt 0:00:52]} e5 {[%emt 0:00:41]} 23. Be3 {[%emt 0:00:48]} f5 {[%emt 0:00:21]} 24. Kh1 {[%emt 0:04:24]} f4 {[%emt 0:03:25]} 0-1

[Event "CZE-ch Open 2019"]
[Site "Ostrava"]
[Date "2019.04.27"]
[Round "1.2"]
[White "Krejci, Jan"]
[Black "Obsivac, Josef"]
[Result "1-0"]
[WhiteElo "2588"]
[BlackElo "2285"]
[Annotator "TA"]
[PlyCount "81"]
[EventDate "2019.04.27"]
[EventType "swiss"]
[EventCountry "CZE"]
[SourceTitle "playchess.com"]
[Source "ChessBase"]
[SourceQuality "1"]

{[%evp 17,81,13,30,28,26,27,24,22,24,17,22,16,18,4,42,55,54,48,49,35,50,34,39,0,51,58,68,20,103,100,92,116,215,168,172,183,178,176,178,179,203,206,228,249,354,338,410,230,413,372,361,378,332,374,650,647,641,638,623,569,792,788,1492,1421,5189,5181]} 1. d4 Nf6 2. Nf3 g6 3. c4 Bg7 4. g3 O-O 5. Bg2 d6 6. O-O Nc6 7. Nc3 a6 8. Re1 Rb8 9. Rb1 b5 10. cxb5 {E63: King's Indian: Fianchetto: Panno Variation with 7...a6} axb5 11. b4 Bd7 (11... e6 12. e4 Ne7 13. Bf4 h6 14. h3 Bb7 15. g4 g5 16. Bg3 Ng6 17. Nd2 Nd7 {½-½ (41) Svidler,P (2751)-Nakamura,H (2791) Saint Louis 2016}) 12. d5 {White has an edge.} Na7 13. Nd4 {[#]} e6 $146 ({Predecessor:} 13... Ng4 14. e4 Ne5 15. Bf1 Bg4 16. Qb3 c5 17. dxc6 Naxc6 18. Nxc6 Nxc6 {0-1 (25) Balhar,J (2311)-Kovalev,A (2526) Pardubice 2006}) 14. dxe6 fxe6 15. Qb3 Qe8 16. Bh3 {[%cal Rh3e6]} Ng4 17. Nf3 $36 {[%mdl 2048] White fights for an advantage.} h5 18. Ne4 Bc6 19. Qc2 Bd5 20. Bb2 e5 (20... Qc6 $11 21. Qxc6 Nxc6) 21. Rbd1 $14 Bc4 22. Ned2 Qf7 (22... Nc6 $1 $11) 23. Nxc4 bxc4 24. Rf1 {Strongly threatening Ng5.} Bh6 (24... Bf6 $16) 25. Bg2 {Black must now prevent Nxe5!} Kg7 (25... Rxb4 $2 26. Nxe5 $1 {[%mdl 512]} Rxb2 27. Qxb2 $18) 26. h3 Nf6 27. a3 Nc8 28. Nd2 Nb6 29. f4 exf4 30. Ne4 (30. gxf4 Kh7 $14) 30... Nbd7 (30... Qe6 {is a better defense.} 31. Bxf6+ Rxf6) 31. gxf4 $18 Rb5 32. Rd4 (32. h4 $142) 32... Rf5 $2 (32... Nxe4 33. Rxe4+ (33. Qxe4 Kh7 $16) (33. Qxc4 Rf5 $18) 33... Kh7) 33. Nxf6 Nxf6 34. Rxc4 c5 35. bxc5 dxc5 $2 (35... Rxc5 36. Rxc5 Qa7 {[%mdl 64] Pin}) 36. e4 {White is clearly winning.} Rxf4 37. Rxf4 Bxf4 {[#]} 38. e5 $1 {[%mdl 64] Discovered Attack} Be3+ 39. Kh1 Rd8 40. exf6+ Kh7 41. Re4 {Accuracy: White = 77%, Black = 29%.} 1-0

[Event "CZE-ch Open 2019"]
[Site "Ostrava"]
[Date "2019.04.27"]
[Round "1.3"]
[White "Vybiral, Zdenek"]
[Black "Hracek, Zbynek"]
[Result "0-1"]
[WhiteElo "2274"]
[BlackElo "2585"]
[Annotator "TA"]
[PlyCount "84"]
[EventDate "2019.04.27"]
[EventType "swiss"]
[EventCountry "CZE"]
[SourceTitle "playchess.com"]
[Source "ChessBase"]
[SourceQuality "1"]

{[%evp 9,83,3,3,3,6,8,1,0,12,-23,-23,-18,11,-30,-25,-37,7,-32,0,0,0,-32,57,41,83,10,34,29,21,37,35,0,0,0,0,0,0,0,0,-25,0,0,0,-15,0,0,0,0,0,-17,-17,-12,-15,-37,-37,-59,-62,-65,-10,-118,0,0,0,0,0,-234,-212,-212,-214,-845,-844,-637,0,-29997,-29998,-29999]} 1. d4 Nf6 2. c4 e6 3. Nc3 Bb4 4. a3 Bxc3+ 5. bxc3 Nc6 6. Bg5 {E24: Nimzo-Indian: Sämisch: Unusual Black 5th moves and 5...c5 sidelines} (6. f3 b6 7. e4 Ba6 8. Bg5 h6 9. Bh4 g5 10. Bf2 Nh5 11. h4 Qf6 {½-½ (11) Flom,G (2493)-Roiz,M (2614) Israel 2018}) 6... h6 7. Bh4 g5 8. Bg3 {The position is equal.} Ne4 9. f3 $146 ({Predecessor:} 9. Qd3 f5 10. f3 Nxg3 11. hxg3 {0-1 (23) Zbircea,B-Moraru,A (2032) Mangalia 2007}) 9... Nxg3 ({Avoid the trap} 9... Nxc3 $2 10. Qb3 $18) 10. hxg3 f5 11. d5 Ne5 12. f4 Ng6 ({Not} 12... Nxc4 $2 13. Qd4 $18) 13. Nf3 Qf6 14. Qd4 Qxd4 15. Nxd4 Ke7 ({Black should try} 15... gxf4 $15 16. gxf4 Nxf4) 16. e3 $14 c5 {[#]} 17. Nf3 (17. Nb5 $1 $16) 17... g4 18. Nh4 Nxh4 19. Rxh4 d6 20. O-O-O exd5 21. cxd5 Bd7 22. Bd3 Kf6 23. Rdh1 Kg7 24. Rh5 Raf8 25. Kd2 b5 26. Rb1 c4 27. Bc2 Kg6 28. Rh4 h5 29. e4 fxe4 30. Bxe4+ Kf6 31. Rbh1 Be8 32. Rb1 Rf7 33. Bc2 Rc7 ({Black should play} 33... Re7 $15) 34. Ke3 (34. Rbh1 $1 $11) 34... Rc5 ({Better is} 34... Re7+ $17 35. Kf2 Bg6 36. Bxg6 Kxg6 37. Rxb5 Rhe8) 35. Kd4 $11 Bf7 36. Be4 Re8 $40 {[%mdl 128] White needs to defend precisely.} 37. Rb2 $2 {[#]} (37. Rhh1 $11) 37... Rxe4+ $1 $19 {[%mdl 512]} 38. Kxe4 {Threatens to win with Rd2.} Rxd5 {And now ...Rd3! would win.} 39. Rh1 $2 {[#]} (39. Ke3 Rd3+ {[%mdl 64] Double Attack} 40. Kf2) 39... Rd3 $1 {[%csl Gd3][%cal Rf7d5][%mdl 576] Double Attack} 40. f5 a6 $2 (40... Kg5 $19 {[%csl Gd3][%cal Rf7d5]} 41. Rxb5 Be8 42. Rxh5+ (42. Rd5 {is a self mate.} Bc6 {[%mdl 64] Pin} 43. Rxh5+ Kxh5 44. f6+ Bxd5+ 45. Kf5 Bf7 46. Kf4 Rxc3 47. a4 Rd3 48. a5 c3 49. Ke4 Bg6+ 50. Kf4 c2 51. a6 c1=Q#) 42... Kxh5) 41. Rc1 $2 {[%mdl 8192]} (41. Kf4 $11) 41... Kg5 {[%csl Gd3][%cal Rf7d5]} 42. a4 Bd5# {Accuracy: White = 35%, Black = 36%.} 0-1

[Event "CZE-ch Open 2019"]
[Site "Ostrava"]
[Date "2019.04.27"]
[Round "1.4"]
[White "Michalik, Peter"]
[Black "Jurek, Josef"]
[Result "1-0"]
[WhiteElo "2577"]
[BlackElo "2269"]
[Annotator "TA"]
[PlyCount "91"]
[EventDate "2019.04.27"]
[EventType "swiss"]
[EventCountry "CZE"]
[SourceTitle "playchess.com"]
[Source "ChessBase"]
[SourceQuality "1"]

{[%evp 18,91,16,14,17,6,21,22,13,5,16,12,10,17,18,6,8,13,14,10,10,10,10,10,7,10,7,9,10,9,9,8,18,18,18,18,18,20,14,22,23,8,118,115,155,157,154,143,152,149,144,137,137,131,178,178,216,216,306,306,306,306,399,399,423,418,418,418,417,417,440,406,716,716,679,665]} 1. d4 Nf6 2. c4 e6 3. g3 d5 4. Bg2 Be7 5. Nf3 O-O 6. O-O dxc4 7. Qc2 a6 8. a4 Bd7 9. Qxc4 Bc6 10. Bf4 a5 {E05: Open Catalan: 5 Nf3 Be7} (10... Bd6 11. Qc1 Bd5 12. Nc3 Nc6 13. Rd1 Nb4 14. Bg5 Be7 15. Nxd5 exd5 16. a5 Nc6 17. Ne5 Na7 18. Nd3 Nb5 19. Ra4 c6 20. Qc2 Re8 21. Bc1 Rc8 {½-½ (21) Fedoseev,V (2714)-Aronian,L (2765) Germany 2019}) 11. Rd1 Na6 12. Nc3 Nb4 {The position is equal.} 13. Ne1 Bxg2 14. Nxg2 Nbd5 $146 ({Predecessor:} 14... Nfd5 15. e4 Nxf4 16. Nxf4 c6 17. h4 Qb6 18. Rd2 Rfd8 19. Rad1 Qa6 {1-0 (32) Meskovs,N (2510)-Chukavin,K (2310) Tallinn 2018}) 15. Nxd5 Nxd5 16. e4 Nxf4 17. Nxf4 c6 18. d5 cxd5 19. exd5 e5 20. d6 exf4 21. dxe7 Qxe7 22. Qxf4 Rfd8 23. Re1 Qd7 24. Re5 b6 25. Rae1 h6 26. Re7 {White threatens Qxf7+ and mate.} Qd5 27. R1e5 Qd1+ 28. Kg2 Rf8 29. Rf5 {[%cal Rf5f7]} Rad8 (29... Rae8 $1 $11 {keeps the balance.} 30. Rfxf7 Qd5+ 31. f3 Rxe7 32. Rxf8+ Kh7) 30. Qc4 $1 $16 Rd4 {[#]} 31. Rfxf7 $1 $40 {[%mdl 640] Black is in trouble.} Qf3+ (31... Rxc4 32. Rxg7+ Kh8 33. Rh7+ Kg8 34. Reg7#) 32. Kxf3 {White wants to mate with Rxf8+.} Rxc4 33. Rxf8+ Kxf8 {[%mdl 4096] Endgame [#] KR-KR} 34. Re4 $1 {[%cal Re4c4]} Rc2 35. b4 axb4 36. Rxb4 Ra2 37. h4 (37. Rxb6 $6 Rxa4 38. h4 Ra5 $16) 37... Kf7 {[#]} (37... h5 $142 38. Ke3 (38. Rxb6 Rxa4 39. Rb7 Ra6 $16) 38... Kf7) 38. h5 $1 $18 (38. Rxb6 Ra3+ 39. Kg2 Rxa4 $16) 38... Kf8 39. g4 (39. Rxb6 Ra3+ 40. Kg2 Rxa4 $16) 39... Kf7 40. Kg3 Kf8 41. f3 Kf7 42. Kf4 Ra3 43. Ke4 Kf8 44. f4 Kf7 (44... Ke8 $142 45. Ke5 (45. Rxb6 Rxa4+ 46. Kf5 Kf7 $16) 45... Ke7) 45. Kd5 Rg3 46. f5 {Accuracy: White = 85%, Black = 41%.} 1-0

[Event "CZE-ch Open 2019"]
[Site "Ostrava"]
[Date "2019.04.27"]
[Round "1.5"]
[White "Vrana, Frantisek"]
[Black "Stocek, Jiri"]
[Result "0-1"]
[WhiteElo "2267"]
[BlackElo "2563"]
[Annotator "TA"]
[PlyCount "56"]
[EventDate "2019.04.27"]
[EventType "swiss"]
[EventCountry "CZE"]
[SourceTitle "playchess.com"]
[Source "ChessBase"]
[SourceQuality "1"]

{[%evp 9,56,4,14,22,24,22,22,17,20,21,0,7,22,14,6,-59,-47,-54,-36,-86,-95,-113,-107,-92,-64,-115,-123,-203,-187,-222,-228,-197,-224,-289,-245,-253,-172,-178,-192,-190,-197,-677,-670,-658,-647,-983,-966,-1668,-1556]} 1. e4 c5 2. Nf3 Nc6 3. g3 Nf6 4. Nc3 d6 5. Bg2 Bg4 (5... g6 6. d4 cxd4 7. Nxd4 Nxd4 8. Qxd4 Bg7 9. O-O O-O 10. Qd3 Be6 11. Nd5 Rc8 12. c3 a6 13. Re1 Nd7 14. a4 Ne5 15. Qd1 Re8 16. h3 Nc4 17. Kh2 Bd7 18. Re2 b5 19. axb5 Bxb5 {½-½ (74) Karjakin,S (2781)-Topalov,V (2749) Paris 2017}) 6. h3 {B50: Sicilian: 2...d6, Miscellaneous} Bh5 7. g4 Bg6 8. d3 {The position is equal.} e6 9. Bf4 Nd7 10. Bg3 $146 ({Predecessor:} 10. Qd2 Be7 11. Ne2 h6 12. O-O-O Nde5 13. Nxe5 dxe5 14. Be3 {½-½ (36) Samoun,F (2322)-Valdes Escobar,A (2351) Porto Carras 2018}) 10... Be7 11. Nd2 h5 12. f4 (12. Rf1 $11) 12... Bh4 $36 {[%mdl 2048] Black has some pressure.} 13. Kf2 Qf6 {White must now prevent ...Qxf4+.} 14. Ne2 O-O-O 15. Nf3 Bxg3+ 16. Kxg3 d5 17. e5 (17. exd5 $15 exd5 18. Qd2) 17... Qe7 $17 18. Nh4 (18. g5 $17 {is a better defense.}) 18... Bh7 $19 19. Qd2 {[#]} g5 $1 {[%mdl 512]} 20. Nf3 (20. fxg5 Ndxe5) 20... gxf4+ 21. Qxf4 Rhg8 22. Kh2 hxg4 23. hxg4 f6 24. exf6 Nxf6 25. Bh3 $2 (25. g5 Rdf8 26. Qg3) 25... Rdf8 {Strongly threatening ...Nxg4+!Black is clearly winning.} 26. g5 Ne4 {[%mdl 64] [#] Pin, Discovered Attack} 27. Qg4 Bf5 28. Qg2 Bxh3 {Accuracy: White = 35%, Black = 77%.} 0-1

[Event "CZE-ch Open 2019"]
[Site "Ostrava"]
[Date "2019.04.27"]
[Round "1.6"]
[White "Babula, Vlastimil"]
[Black "Freisler, Pavel"]
[Result "1-0"]
[WhiteElo "2549"]
[BlackElo "2245"]
[Annotator "TA"]
[PlyCount "57"]
[EventDate "2019.04.27"]
[EventType "swiss"]
[EventCountry "CZE"]
[SourceTitle "playchess.com"]
[Source "ChessBase"]
[SourceQuality "1"]

{[%evp 17,57,13,28,45,50,22,33,33,44,32,29,26,51,24,28,19,31,13,13,-14,0,-12,-16,-30,17,16,28,6,0,-11,-9,-14,-10,-420,0,0,29991,0,29992,29993,29998,29999]} 1. d4 Nf6 2. c4 e6 3. Nc3 Bb4 4. e3 O-O 5. Bd3 d5 6. Nf3 c5 7. cxd5 cxd4 8. exd4 exd5 9. O-O Nc6 10. Bg5 {B14: Caro-Kann: Panov-Botvinnik Attack with 5...e6 and 5...g6} Be6 11. Ne5 Be7 12. Nxc6 $146 {White is slightly better.} ({Much weaker is} 12. Bxf6 Bxf6 13. Nf3 (13. Qh5 $2 g6 $17) (13. Nxc6 bxc6 14. Na4 g6 $15) 13... a6 $15) ({Predecessor:} 12. Bc2 Rc8 13. Re1 a6 14. a3 Qb6 15. Qd3 Ne4 16. Nd7 Bxd7 17. Nxd5 Qxb2 18. Bxe7 Nxd4 19. Bxf8 Nxc2 {½-½ (37) Ulybin,M (2570)-Shaposhnikov,E (2554) St Petersburg 2003}) 12... bxc6 13. Rc1 h6 14. Bh4 Rb8 15. Na4 Ne4 16. Bxe7 Qxe7 17. f3 Nd6 18. Re1 Qf6 19. Rxc6 Bd7 $36 {[%mdl 2048] Black fights for an advantage.} 20. Ra6 Rb4 21. Nc3 Rxb2 22. Nxd5 Qxd4+ 23. Kh1 {[#]} Qf2 $1 {[%csl Gb2][%cal Rf2g2][%mdl 512]} 24. Rg1 Rd2 25. Qb3 $2 {[%mdl 8192]} (25. Qa1 $11 Nf5 26. Bxf5 Rxd5 27. Bxd7 Rxd7 28. Qe1 Qxe1 29. Rxe1) 25... Nc8 $2 (25... Re8 $1 $19 {[%cal Re8e1] ( -> ...Re1)} 26. Qb1 (26. Rxd6 $2 Re1 $19) 26... Bf5 $1 {[%mdl 576] Pin} 27. Rxd6 Bxd3 28. Ne7+ Rxe7 29. Rd8+ Kh7 $1 {[%mdl 512]} 30. Rxd3 Rb2) 26. Rxh6 $11 Be6 $2 {[%mdl 8192] [#]} (26... gxh6 $2 {loses.} 27. Nf6+ Kh8 28. Qc3 $18) (26... Re8 $11 27. Bh7+ {[#]} Kh8 $1 {[%mdl 512]} 28. Bd3+ Kg8 29. Bh7+ Kh8 $1 {[%mdl 512]} 30. Bd3+ Kg8) 27. Nf6+ $1 {[%mdl 512]} gxf6 28. Qc3 Ne7 29. Bh7+ {Accuracy: White = 53%, Black = 55%.} 1-0

[Event "CZE-ch Open 2019"]
[Site "Ostrava"]
[Date "2019.04.27"]
[Round "1.7"]
[White "Zeman, Matyas"]
[Black "Nguyen, Thai Dai Van"]
[Result "0-1"]
[WhiteElo "2244"]
[BlackElo "2547"]
[Annotator "TA"]
[PlyCount "58"]
[EventDate "2019.04.27"]
[EventType "swiss"]
[EventCountry "CZE"]
[SourceTitle "playchess.com"]
[Source "ChessBase"]
[SourceQuality "1"]

{[%evp 12,58,0,0,50,17,24,-3,-4,-7,22,-23,-23,-22,10,4,18,0,8,-45,-39,-47,-50,-60,-13,-17,-19,0,48,34,45,-193,-194,-187,-191,-253,-269,-297,-286,-515,-508,-507,-504,-518,-514,-583,-575,-571,-560]} 1. e4 e6 2. d4 d5 3. Nc3 Bb4 4. exd5 exd5 5. Bd3 Nc6 6. a3 Bxc3+ 7. bxc3 Be6 {C01: French: Exchange Variation} (7... Nge7 8. Qf3 Be6 9. Nh3 Qd7 10. Ng5 O-O-O 11. O-O Rdf8 12. Nxe6 fxe6 13. Qe2 Nf5 14. a4 Nd6 15. Re1 Re8 16. Bf4 Rhf8 {1-0 (57) Vachier Lagrave,M (2788)-Caruana,F (2795) chess.com INT 2016}) 8. Ne2 Qd7 9. Bf4 Nge7 {The position is equal.} 10. O-O f6 $146 ({Predecessor:} 10... O-O-O 11. a4 f6 12. a5 g5 13. Bc1 a6 14. Ba3 {0-1 (64) Lugovskoy,M (2435)-Socko,B (2623) Jurmala 2015}) 11. Qb1 b6 12. Re1 g5 13. Bd2 O-O-O 14. a4 Na5 15. Qb4 (15. Bb5 $11 c6 16. Ba6+ Kb8 17. Nc1) 15... Nc4 16. Bxc4 dxc4 17. a5 Nc6 18. Qb5 $1 Qd5 $36 {[%mdl 2048] Black fights for an advantage.} 19. Qa6+ Kb8 {[#] And now ...Bc8 would win.} 20. axb6 cxb6 21. Bf4+ $2 (21. Ng3 $14 {stays ahead.}) 21... gxf4 $19 22. Nxf4 Bc8 {aiming for ...Qf5.} 23. Qa4 (23. Nxd5 $142 Bxa6 24. Nxf6) 23... Qd6 24. g3 Rhg8 {...Qxf4 is the strong threat.} 25. d5 $2 (25. Kf1 {was called for.}) 25... Qxf4 {Black is clearly winning.} 26. dxc6 {[%csl Ga1][%cal Ra4a7] [#]} Qc7 27. Qxc4 Rge8 28. Re4 Rxe4 29. Qxe4 Rd6 {Accuracy: White = 26%, Black = 75%.} 0-1

[Event "CZE-ch Open 2019"]
[Site "Ostrava"]
[Date "2019.04.27"]
[Round "1.8"]
[White "Plat, Vojtech"]
[Black "Liska, Jiri"]
[Result "1-0"]
[WhiteElo "2535"]
[BlackElo "2236"]
[Annotator "TA"]
[PlyCount "117"]
[EventDate "2019.04.27"]
[EventType "swiss"]
[EventCountry "CZE"]
[SourceTitle "playchess.com"]
[Source "ChessBase"]
[SourceQuality "1"]

{[%evp 9,117,7,10,0,0,0,4,-21,5,0,0,-9,9,0,29,24,28,12,24,31,26,22,16,17,18,0,36,0,7,7,14,14,20,0,56,52,50,20,20,20,27,23,33,16,14,-16,28,30,36,28,41,30,55,22,28,0,0,0,0,0,0,-2,-2,-11,0,0,0,0,0,0,0,0,0,0,0,0,0,-8,0,0,0,0,0,0,0,0,0,-18,-8,-11,8,8,60,59,56,59,216,175,151,167,165,144,747,747,691,669,830,860,840,818]} 1. d4 Nf6 2. c4 g6 3. g3 c6 4. Bg2 d5 5. Qa4 Bg7 6. cxd5 {D71: Fianchetto Grünfeld: 3 g3 d5 sidelines and 5 cxd5 (without Nf3)} Nxd5 7. Nf3 Nb6 8. Qa3 {The position is equal.} (8. Qc2 Bg4 9. Nbd2 O-O 10. h3 Bxf3 11. Nxf3 Bxd4 12. Nxd4 Qxd4 {0-1 (42) Duda,J (2738)-Vachier Lagrave,M (2778) Germany 2019}) 8... Bg4 9. Nbd2 O-O 10. h3 Bxf3 11. Nxf3 N8d7 $146 ({Predecessor:} 11... Bxd4 12. Nxd4 Qxd4 13. Qxe7 {0-1 (77) Tregubov,P (2614)-Saric,I (2661) Yerevan 2014}) 12. O-O e5 13. dxe5 Nxe5 14. Nxe5 Bxe5 15. Qb3 Qd4 16. a4 Qc4 17. Qf3 Rad8 18. Ra3 (18. Bg5 {is more complex.} Rd7 19. a5 Nd5 20. Rfd1 f5 21. a6) 18... Qc2 (18... Qe6 {keeps more tension.} 19. Rb3 Rb8 20. Rb4 Rfe8 21. Qd3 Red8) 19. Qb3 Qxb3 20. Rxb3 Rd7 $1 21. Rb4 Rd4 (21... Nd5 $11 22. Rb3 Ne7) 22. Rxd4 $14 Bxd4 23. b3 Rd8 24. Bf3 Bf6 25. Be3 Kg7 26. a5 Nd5 $1 {[%cal Rd5e3]} 27. Bd2 b6 28. Rc1 c5 29. Kf1 h5 30. Ke1 Nc7 31. Bb7 Nb5 32. Be4 Nd4 33. Rb1 Re8 34. f3 h4 35. gxh4 Bxh4+ 36. Kf1 Nxe2 37. Kxe2 {Hoping for axb6.} f5 {[%mdl 64] [#] Pin} 38. Kd3 {And now Bc6 would win.} fxe4+ 39. fxe4 $11 {[%mdl 4096] Endgame KRB-KRB} Bf6 40. Rf1 Rd8+ 41. Kc2 Re8 42. Re1 Be5 43. Be3 Kf7 44. Kd3 Ke6 45. Rg1 {Black must now prevent axb6.} Kf7 46. a6 Rh8 47. Rh1 Ke6 48. Bg5 Rf8 {next ...Rf3+ is good for Black.} 49. Ke2 b5 50. Be3 c4 (50... Rc8 $11) 51. bxc4 $14 bxc4 52. Rg1 Rb8 $2 {[#]} (52... Rf6 $1 $14) 53. Rxg6+ Kf7 54. Rc6 Rb2+ 55. Kf3 c3 $2 {[%mdl 8192]} (55... Rb3 $16) 56. Bxa7 $18 {White is clearly winning.} Ra2 57. Be3 Ke7 58. a7 Kd7 59. Rc5 {Accuracy: White = 63%, Black = 40%.} 1-0

[Event "CZE-ch Open 2019"]
[Site "Ostrava"]
[Date "2019.04.27"]
[Round "1.9"]
[White "Jedlicka, Ales"]
[Black "Kriebel, Tadeas"]
[Result "0-1"]
[WhiteElo "2236"]
[BlackElo "2514"]
[Annotator "TA"]
[PlyCount "104"]
[EventDate "2019.04.27"]
[EventType "swiss"]
[EventCountry "CZE"]
[SourceTitle "playchess.com"]
[Source "ChessBase"]
[SourceQuality "1"]

{[%evp 9,104,25,18,15,57,30,24,22,24,28,41,37,47,20,20,14,14,12,14,10,8,6,22,21,21,24,45,38,52,50,52,51,58,21,30,44,48,27,39,29,74,39,52,0,8,9,20,-18,-11,-12,-20,-34,-34,-35,-10,-20,-24,-17,-10,-34,-35,-34,-39,-41,0,0,0,0,0,0,0,0,0,-5289,-5165,-29970,-29971,-29971,-29971,-29972,-29973,-29971,-29974,-29974,-29975,-29975,-29976,-29976,-29977,-29977,-29978,-29978,-29979,-29979,-29980,-29980,-29981]} 1. d4 d5 2. c4 e6 3. Nc3 a6 4. cxd5 exd5 5. Qb3 (5. Nf3 h6 6. Bf4 Nf6 7. e3 Bd6 8. Bxd6 Qxd6 9. Qc2 O-O 10. Bd3 Re8 11. h3 Be6 12. O-O Nbd7 13. a4 {½-½ (40) Shankland,S (2725)-Carlsen,M (2835) Wijk aan Zee 2019}) 5... c6 6. Nf3 {D31: Queen's Gambit Declined: Semi-Slav without ...Nf6 (+ Marshall Gambit and Noteboom) and Exchange Variation lines without ...Nf6} b5 7. Bf4 $146 ({Predecessor:} 7. g3 Be7 8. Bg2 Nf6 9. O-O O-O 10. Ne5 Qb6 11. Rd1 Be6 12. Qc2 Rc8 13. Bg5 {½-½ (59) Deac,B (2559)-Short,N (2698) Douglas 2017}) 7... Nf6 8. e3 {White has an edge.} Bf5 9. Be2 Nbd7 10. O-O Be7 11. Ne5 (11. Nh4 {looks sharper.} Be6 12. Qc2 g6 13. Rfc1 O-O 14. Nf3) 11... Nxe5 12. Bxe5 O-O 13. Rac1 Nd7 14. Bg3 Nb6 15. Qd1 Rc8 16. Bd3 Qd7 17. b3 c5 18. dxc5 Bxc5 19. Ne2 Ba3 20. Rxc8 Rxc8 21. Nd4 Bxd3 22. Qxd3 g6 23. Rd1 Qe7 24. h3 Bc5 25. Nf3 Qe4 26. Be5 Qxd3 27. Rxd3 Bb4 28. Bd4 Rc1+ 29. Kh2 Nd7 30. Ne5 Bd6 31. f4 Bxe5 32. Bxe5 Nxe5 33. fxe5 $15 {[%mdl 4096] Endgame KR-KR} Ra1 34. a4 bxa4 35. bxa4 Rxa4 36. Rxd5 Kf8 37. Kg3 Ke7 38. Rd6 Ra1 39. Kf4 h6 40. g4 Rf1+ 41. Ke4 $2 {[%mdl 8192]} (41. Kg3 $11) 41... f5+ $1 $19 42. gxf5 gxf5+ {Black mates.} 43. Kd5 Rd1+ 44. Kc6 {[#]} Rxd6+ $1 45. exd6+ {[#] K3P-K3P} Kd8 $1 46. h4 h5 47. d7 a5 48. Kb5 Kxd7 49. Kxa5 Kc6 50. Kb4 Kd5 51. Kc3 Ke4 52. Kd2 Kf3 {Accuracy: White = 52%, Black = 62%.} 0-1

[Event "CZE-ch Open 2019"]
[Site "Ostrava"]
[Date "2019.04.27"]
[Round "1.10"]
[White "Kociscak, Jiri"]
[Black "Sobek, Jaroslav"]
[Result "1-0"]
[WhiteElo "2496"]
[BlackElo "2232"]
[Annotator "TA"]
[PlyCount "45"]
[EventDate "2019.04.27"]
[EventType "swiss"]
[EventCountry "CZE"]
[SourceTitle "playchess.com"]
[Source "ChessBase"]
[SourceQuality "1"]

{[%evp 12,45,0,-2,9,20,0,13,157,153,153,152,162,152,154,143,235,239,235,217,395,391,373,365,440,429,481,475,463,455,441,273,273,280,482,474]} 1. d4 d5 2. c4 e6 3. Nf3 ({Predecessor:} 3. g3 Nf6 4. Bg2 Bb4+ 5. Bd2 Be7 {1-0 (23) Korovin,M (2299)-Oblamski,V (2083) Minsk 2018}) 3... Nf6 4. g3 Bb4+ 5. Bd2 Be7 6. Bg2 O-O 7. O-O dxc4 $146 {E11: Bogo-Indian} (7... Nbd7 8. Qc2 c6 9. Bf4 b6 10. cxd5 cxd5 11. Rc1 Bb7 12. Bc7 Qe8 13. Qb3 Nb8 14. a4 Ne4 15. Nc3 Nxc3 16. Rxc3 Na6 17. Bf4 Bb4 18. Rc2 Qe7 19. Rac1 Rac8 20. Ne5 Rxc2 21. Qxc2 {½-½ (48) Ding,L (2812)-Karjakin,S (2753) Astana 2019}) 8. Qc2 b5 9. a4 {White wants to play Ne5.} c6 (9... b4 $11 {keeps the balance.}) 10. axb5 $16 cxb5 11. Ng5 h6 12. Bxa8 {Threatens to win with Nf3.} hxg5 13. Rxa7 Nd5 {[#]} (13... Bd7 $16) 14. Ba5 $1 $18 {[%cal Ra5d8]} Qe8 15. Nc3 Bf6 $2 (15... Bd6 16. Nxd5 exd5) 16. Nxd5 exd5 17. Bb4 Bxd4 18. Raa1 Qe5 19. Bxf8 Kxf8 20. Rad1 Be6 21. Rxd4 {[%mdl 64] Clearance} Qxd4 {[#]} 22. Rd1 $1 {[%cal Rd1d4]} Qc5 $2 {[#]} (22... Qe5 {was called for.} 23. Qd2 d4 24. Qxd4 Qxd4 25. Rxd4 Ke7) 23. Bxd5 $1 {[%mdl 512] Accuracy: White = 98%, Black = 33%.} 1-0